Византия сквозь века (Запись № 11413833)
[ простой вид ]
| 000 -МАРКЕР | |
|---|---|
| контрольное поле | 02150nam0a2200373 i 4500 |
| 001 - ИДЕНТИФИКАТОР ЗАПИСИ | |
| контрольное поле | RU\NLR\BIBL_A\011383420 |
| 005 - ИДЕНТИФИКАТОР ВЕРСИИ | |
| контрольное поле | 20260407073331.0 |
| 010 ## - МЕЖДУНАРОДНЫЙ СТАНДАРТНЫЙ НОМЕР КНИГИ (ISBN) | |
| Номер (ISBN) | 9785935727185 |
| Тираж | 1000 |
| 021 ## - НОМЕР ГОСУДАРСТВЕННОЙ РЕГИСТРАЦИИ | |
| Код страны | российская федерация |
| Номер | 2017-926и |
| Номер Листа государственной регистраци | 73и |
| 035 ## - ДРУГИЕ СИСТЕМНЫЕ НОМЕРА | |
| Идентификатор записи | (NLR Aleph) 011383420 |
| 100 ## - ДАННЫЕ ОБЩЕЙ ОБРАБОТКИ | |
| Данные общей обработки | 20170511d2017 k y0rusy50 ca |
| 101 0# - ЯЗЫК РЕСУРСА | |
| Язык текста, звукозаписи и т.д. | русский |
| Язык резюме | английский |
| 102 ## - СТРАНА ПУБЛИКАЦИИ ИЛИ ПРОИЗВОДСТВА | |
| Страна публикации | российская федерация |
| 105 ## - ПОЛЕ КОДИРОВАННЫХ ДАННЫХ: ТЕКСТОВЫЕ МАТЕРИАЛЫ, МОНОГРАФИЧЕСКИЕ | |
| Кодированные данные о монографическом текстовом документе | ach z 001zy |
| 200 1# - ЗАГЛАВИЕ И СВЕДЕНИЯ ОБ ОТВЕТСТВЕННОСТИ | |
| Основное заглавие | Византия сквозь века |
| Параллельное заглавие | Byzantium through the centuries |
| Сведения, относящиеся к заглавию | [каталог выставки, 24 июня - 2 октября 2016 г. |
| Первые сведения об ответственности | вступительное слово: Михаил Пиотровский и др. |
| Последующие сведения об ответственности | авторы статей: Юрий Пятницкий и др.] |
| Язык параллельного заглавия | английский |
| 210 ## - ПУБЛИКАЦИЯ, РАСПРОСТРАНЕНИЕ И ДР. | |
| Место издания, распространения и т.д. | Санкт-Петербург |
| Имя издателя, распространителя и т. д. | Изд-во Государственного Эрмитажа |
| Дата издания, распространения и т.д. | 2017 |
| 215 ## - ФИЗИЧЕСКАЯ ХАРАКТЕРИСТИКА | |
| Специфическое обозначение материала и объем | 427 с. |
| Другие сведения о физической характеристике | ил., цв. ил., портр., факс. |
| Размеры | 30 |
| 300 ## - ОБЩИЕ ПРИМЕЧАНИЯ | |
| Текст примечания | В надзаг: Государственный Эрмитаж |
| 300 ## - ОБЩИЕ ПРИМЕЧАНИЯ | |
| Текст примечания | Рез. на англ. яз. |
| 320 ## - ПРИМЕЧАНИЯ О НАЛИЧИИ В ДОКУМЕНТЕ БИБЛИОГРАФИИ / УКАЗАТЕЛЯ | |
| Текст примечания | Библиогр.: с. 409-425 и в тексте |
| 510 1# - ПАРАЛЛЕЛЬНОЕ ЗАГЛАВИЕ | |
| Параллельное заглавие | Byzantium through the centuries |
| Язык заглавия | английский |
| 601 02 - НАИМЕНОВАНИЕ ОРГАНИЗАЦИИ КАК ПРЕДМЕТ | |
| Начальный элемент ввода | Государственный Эрмитаж |
| Идентифицирующий признак | Санкт-Петербург, город |
| Формальный подзаголовок | Каталоги |
| Тематический подзаголовок | Выставки |
| Хронологический подзаголовок | 2016 |
| Системный номер авторитетной/нормативной записи | 2309337 |
| Идентификатор авторитетной/нормативной записи | RU\NLR\AUTH\6601607983 |
| 606 1# - НАИМЕНОВАНИЕ ТЕМЫ КАК ПРЕДМЕТ | |
| Наименование темы | Изобразительное искусство византийское |
| Формальный подзаголовок | Каталоги |
| Тематический подзаголовок | Выставки |
| Географический подзаголовок | Санкт-Петербург, город |
| Хронологический подзаголовок | 2016 |
| Системный номер авторитетной/нормативной записи | 2327348 |
| Идентификатор авторитетной/нормативной записи | RU\NLR\AUTH\6601616397 |
| 686 1# - ИНДЕКСЫ ДРУГИХ КЛАССИФИКАЦИЙ | |
| Индекс | Щ103(0)421 л62 |
| 686 1# - ИНДЕКСЫ ДРУГИХ КЛАССИФИКАЦИЙ | |
| Индекс | Щ101.3(2Р)-2Санкт-Петербург2Эрмитаж л62 |
| 711 12 - НАИМЕНОВАНИЕ ОРГАНИЗАЦИИ - АЛЬТЕРНАТИВНАЯ ОТВЕТСТВЕННОСТЬ | |
| Начальный элемент ввода | "Византия сквозь века", выставка |
| Место проведения временной организации | Санкт-Петербург |
| Дата проведения временной организации | 2016 |
| Системный номер авторитетной/нормативной записи | 541088 |
| Идентификатор авторитетной/нормативной записи | RU\NLR\AUTH\880438381 |
| 712 02 - НАИМЕНОВАНИЕ ОРГАНИЗАЦИИ - ВТОРИЧНАЯ ОТВЕТСТВЕННОСТЬ | |
| Код отношения | Прочие |
| Начальный элемент ввода | Государственный Эрмитаж |
| Идентифицирующий признак | Санкт-Петербург |
| Идентификатор авторитетной/нормативной записи | RU\NLR\AUTH\883267 |
| Системный номер авторитетной/нормативной записи | 277747 |
| 942 ## - ДОПОЛНИТЕЛЬНЫЕ ЭЛЕМЕНТЫ ЗАПИСИ (АБИС) | |
| Тип экземпляра АБИС | Книга |
| 980 ## - КОЛЛЕКЦИЯ | |
| Название коллекции | НБР |
Нет доступных экземпляров.